000 00228 a2200097 4500
001 20123
100 _aMahmood S F
245 _aTarikh Adbeyat Musalmanaan Pak-o-Hind
260 _a
_bPunjab University
_c
090 _c14717
_d14717
942 _aNUST-CAE
_cM
_c5244
999 _c255196
_d255196